000 00565nam a2200193Ia 4500
005 20250923145142.0
008 008 250917s9999 xx 000 0 eng d
037 _aTextual
040 _aDSWL
_beng
_cDSWL
041 _aeng
_2eng
084 _aYX,Z2-z1;6-P.73, N67
_qDSWL
245 0 _aCorrectional Community
_cEd.by N. Fenton
260 _aCalifornia
_bUniversity of California Press
_c1967
300 _axvi,257p.
365 _aUSD
_b2.25
925 _g2.25
942 _cTEXL
_hYX,Z2-z1;6-P.73, N67
999 _c1447795
_d1447795